|
|
|
|
| LEADER |
00982nam a2200205 u 4500 |
| 001 |
10019437 |
| 003 |
GR-PaULI |
| 005 |
20241205124000.0 |
| 008 |
241205s1969 gr 1 agre d |
| 040 |
|
|
|a GR-PaULI
|c GR-PaULI
|b gre
|e AACR2
|
| 082 |
0 |
4 |
|a 342.07
|2 23
|
| 100 |
1 |
|
|a Ράλλης, Κωνσταντίνος Ν,
|d 1916-1979
|9 206991
|e συγγραφέας.
|
| 245 |
1 |
0 |
|a Ψήφος, εκλογαί και σύγχρονα εκλογικά συστήματα /
|b
|c Κωνσταντίνου Ν. Ράλλη.
|
| 260 |
|
|
|a Αθήναι :
|b [Τυπογραφείο Μαυράκη],
|c 1969.
|
| 300 |
|
|
|a 455 σ. ;
|c 21 εκ.
|
| 504 |
|
|
|a Περιλαμβάνει βιβλιογραφία και ευρετήριο
|
| 650 |
|
4 |
|a Εκλογικό δίκαιο
|9 109989
|
| 942 |
|
|
|2 ddc
|c BK
|
| 952 |
|
|
|0 0
|1 0
|2 ddc
|4 0
|6 342_070000000000000_ΡΑΛ
|7 0
|9 385534
|a LISP
|b LISP
|c DON
|d 2024-12-05
|e ΠΑΝ
|i 096161
|l 0
|o 342.07 ΡΑΛ
|p 025000166727
|r 2024-12-05 12:41:03
|t 1
|w 2024-12-05
|y BKN
|
| 999 |
|
|
|c 223888
|d 223888
|